Sale of goods : commercial law (Record no. 42556)

MARC details
000 -LEADER
fixed length control field 00421nam a2200181Ia 4500
020 ## - INTERNATIONAL STANDARD BOOK NUMBER
ISBN 9789784809955
050 ## - CALL MARK
Classification number KP 132 .A2/
100 ## - STATEMENT OF RESPONSIBILITY--MAIN AUTHOR NAME
Personal name Agbonika, John Alewo Musa.
245 #0 - TITLE STATEMENT
Title Sale of goods : commercial law
260 ## - PUBLICATION, DISTRIBUTION, ETC. (IMPRINT)
Place of publication Ibadan
260 ## - PUBLICATION, DISTRIBUTION, ETC. (IMPRINT)
Name of publisher Ababa Press
260 ## - PUBLICATION, DISTRIBUTION, ETC. (IMPRINT)
Year of publication 2011
300 ## - PHYSICAL DESCRIPTION
Number of Pages 172 p
650 ## - SUBJECT ADDED ENTRY--TOPICAL TERM
Topical Term Ibadan
942 ## - ADDED ENTRY ELEMENTS (KOHA)
Koha item type Books
Holdings
Withdrawn status Lost status Source of classification or shelving scheme Damaged status Not for loan Permanent Location Current Location Shelving location Date acquired Accession Number Price effective from Koha item type
    Library of Congress Classification     Law Library Law Library Items on shelf 06/03/2025 0185089 06/03/2025 Books
    Library of Congress Classification     Law Library Law Library Items on shelf 06/03/2025 0191198 06/03/2025 Books